Geoguessr - Statistics

General Stats
  • This quiz has been taken 580 times
  • The average score is 6 of 10
Answer Stats
Hint Answer % Correct
portuguese can be found in Portugal and ... Brazil
92%
if the sun is to your north, where are you? South
89%
if you get yellow number plates in which country are you probably? Netherlands
80%
which african country has a black snorckel in the front? Kenya
77%
On the back of street sings there is ab cross. Which country are you in? Colombia
64%
if you get yellow number plates in which country are you probably? Colombia
59%
Which countries taxis are mostly pink Mexico
44%
if you get yellow number plates in which country are you probably? Israel
33%
Which african country has a lot of charachteristic green hills? Botswana
30%
if you find the domain .nu you are probably not in Niue. Where could it be? Sweden
11%
No matching quizzes found
Score Distribution
Percent of People with Each Score
Percentile by Number Answered
Your Score History
You have not taken this quiz